Topologie algébrique et théorie des faisceaux /
Guardado en:
| Autor Principal: | |
|---|---|
| Formato: | Libro |
| Idioma: | French |
| Publicado: |
Paris :
Hermann,
c1958.
|
| Series: | Actualités scientifiques et industrielles ;
1252 Publications de l'Institut de Mathématique de l'Université de Strasbourg ; 13 |
| Etiquetas: |
Agregar Etiqueta
Sin Etiquetas, Sea el primero en etiquetar este registro!
|
| LEADER | 00598nam a22001695a 4500 | ||
|---|---|---|---|
| 001 | MAT.inmabb000550 | ||
| 008 | 031118s1958####fr############001#0#fre#d | ||
| 005 | 20170801152701.0 | ||
| 245 | 1 | 0 | |a Topologie algébrique et théorie des faisceaux / |c Roger Godement. |
| 260 | |a Paris : |b Hermann, |c c1958. | ||
| 300 | |a viii, 283 p. | ||
| 440 | 0 | |a Actualités scientifiques et industrielles ; |v 1252 | |
| 440 | 0 | |a Publications de l'Institut de Mathématique de l'Université de Strasbourg ; |v 13 | |
| 510 | 4 | |a MR, |c 21 #1583 | |
| 100 | 1 | |a Godement, Roger. | |
| 084 | |a 55-XX |2 msc2000 | ||
| 859 | |h 55 |i G581 |p A-348 |b BIB. MATEMATICA | ||
